000 00358nam a22001337a 4500
008 190205b xxu||||| |||| 00| 0 eng d
020 _a9780803953833
041 _aeng
080 _a159.9
100 _a48
101 _aPSI
245 _aEducation, Resarch, and Practice in Lesbian, Gay, Bisexual,and Transgendered Psychology
_cGreene,B
942 _2udc
_cBK
999 _c54062
_d54062